000
00314nas a2200121Ia 4500
008
230918c99999999xx |||||||||||| ||und||
040
_a
MAIN
041
_a
English
245
0
_a
Journal of Accounting Research
260
_b
The Institute of Professional Accounting Graduate School
500
_a
XXX
942
_c
BV
999
_c
233754
_d
233754